Detalles MARC
| 000 -LEADER |
| fixed length control field |
01849 am a2200481 a 4500 |
| 005 - FECHA ULTIMA MODIFICACION |
| control field |
20240627114658.0 |
| 008 - CAMPO DE CONTROL (LIBRO) |
| fixed length control field |
100922s1980||||ag a f |||| 001 0 spa d |
| 020 ## - INTERNATIONAL STANDARD BOOK NUMBER |
| ISBN |
S/N |
| 041 ## - CODIGO DE IDIOMA |
| Código de idioma del texto/pista de sonido o título separado |
spa |
| 092 ## - SIGNATURA TOPOGRAFICA DEWEY LOCAL |
| número de clasificación |
616.723 |
| libristica |
6 |
| sección |
BAT |
| 100 1# - ENTRADA PRINCIPAL--NOMBRE PERSONAL |
| Nombre personal |
Battagliotti, Carlos. |
| 9 (RLIN) |
1497 |
| 245 ## - TITULO PROPIAMENTE DICHO |
| Título |
Temas de reumatología, colagenopatía y enfermedades asociadas / |
| Mención de responsabilidad y remanente de la transcripción de la portada |
Carlos Battagliotti |
| 250 ## - MENCION DE EDICION |
| Mención de edición |
1a ed. |
| 260 ## - PIE DE IMPRENTA |
| Lugar de publicación, distribución, etc |
Rosario [Santa Fe ; Argentina]: |
| Nombre de la editorial, distribuidor, etc |
Universidad Nacional de Rosario; |
| Fecha de publicación |
1980. |
| 300 ## - DESCRIPCION FISICA |
| Extension |
437 p. |
| Otros detalles físicos |
il. |
| 500 ## - NOTA GENERAL |
| Nota general |
Battagliotti, C. y Gentiletti, A. (1980). Temas de reumatología, colagenopatía y enfermedades asociadas. (1a ed.). Santa Fe : Universidad Nacional de Rosario. |
| 653 ## - TÉRMINO INDIZADO - PALABRAS CLAVES |
| Palabra clave |
Semiología en enfermos reumáticos |
| 653 ## - TÉRMINO INDIZADO - PALABRAS CLAVES |
| Palabra clave |
Radiología de la mano en las enfermedades reumáticas |
| 653 ## - TÉRMINO INDIZADO - PALABRAS CLAVES |
| Palabra clave |
Etiopatogenia de las enfermedades producidas por autoinmunidad |
| 653 ## - TÉRMINO INDIZADO - PALABRAS CLAVES |
| Palabra clave |
Inmuno complejos enlas enfermedades del hombre |
| 653 ## - TÉRMINO INDIZADO - PALABRAS CLAVES |
| Palabra clave |
Artritis reumatoidea |
| 653 ## - TÉRMINO INDIZADO - PALABRAS CLAVES |
| Palabra clave |
Tratamiento quirúrgico de la artritis reumatoidea |
| 653 ## - TÉRMINO INDIZADO - PALABRAS CLAVES |
| Palabra clave |
Mano reumatoidea |
| 653 ## - TÉRMINO INDIZADO - PALABRAS CLAVES |
| Palabra clave |
Neuropatías por atrapamiento |
| 653 ## - TÉRMINO INDIZADO - PALABRAS CLAVES |
| Palabra clave |
Lupus eritematoso sistémico |
| 653 ## - TÉRMINO INDIZADO - PALABRAS CLAVES |
| Palabra clave |
Vasculitis |
| 653 ## - TÉRMINO INDIZADO - PALABRAS CLAVES |
| Palabra clave |
Dermatomiositis- polimiositis |
| 653 ## - TÉRMINO INDIZADO - PALABRAS CLAVES |
| Palabra clave |
Esclerosis sistemica progresiva- esclerodermia |
| 653 ## - TÉRMINO INDIZADO - PALABRAS CLAVES |
| Palabra clave |
Laboratorio inmunológico en las enfermedades del tejido conectivo |
| 653 ## - TÉRMINO INDIZADO - PALABRAS CLAVES |
| Palabra clave |
Recientes avances en reumatología |
| 653 ## - TÉRMINO INDIZADO - PALABRAS CLAVES |
| Palabra clave |
Espondiloartropatias seronegativas |
| 653 ## - TÉRMINO INDIZADO - PALABRAS CLAVES |
| Palabra clave |
Osteoartrosis |
| 653 ## - TÉRMINO INDIZADO - PALABRAS CLAVES |
| Palabra clave |
Fiebre reumática |
| 653 ## - TÉRMINO INDIZADO - PALABRAS CLAVES |
| Palabra clave |
Artritis séptica |
| 653 ## - TÉRMINO INDIZADO - PALABRAS CLAVES |
| Palabra clave |
Sinovitis por cristales |
| 653 ## - TÉRMINO INDIZADO - PALABRAS CLAVES |
| Palabra clave |
Mieloma |
| 653 ## - TÉRMINO INDIZADO - PALABRAS CLAVES |
| Palabra clave |
Amiloidosis |
| 653 ## - TÉRMINO INDIZADO - PALABRAS CLAVES |
| Palabra clave |
Osteitis deformante de Paget |
| 653 ## - TÉRMINO INDIZADO - PALABRAS CLAVES |
| Palabra clave |
Síndrome osteoporótico |
| 700 1# - ENTRADAS SECUNDARIAS - NOMBRE PERSONAL |
| Nombre personal |
Gentiletti, Alberto. |
| 9 (RLIN) |
1498 |
| 930 ## - NUMERO DE INVENTARIO |
| Número de inventario |
279 |
| 942 ## - ADDED ENTRY ELEMENTS (KOHA) |
| Source of classification or shelving scheme |
Dewey Decimal Classification |
| Item type |
Libros |